000
00244nam a2200097Ia 4500
008
240625s9999 xx 000 0 und d
041
_a
eng
082
_a
808.20 GAN
100
_a
GANDHI SAMRIDHI
245
_a
INTERNATIONAL VAS MARKET ANALYSIS TO FIN
999
_c
35530
_d
35530